[Event "SWE-chT Group 4 Qualifier"]
[Site "Lund"]
[Date "2021.10.03"]
[Round "3.2"]
[White "Winsnes, Rikard"]
[Black "Antonsen, Mikkel"]
[Result "0-1"]
[WhiteElo "2364"]
[BlackElo "2409"]
[PlyCount "69"]
[EventDate "2021.10.01"]
[EventType "team-tourn"]
[EventRounds "3"]
[EventCountry "SWE"]
[SourceTitle "CBM 204 Extra"]
[Source "ChessBase"]
[SourceDate "2021.11.30"]
[SourceVersion "1"]
[SourceVersionDate "2021.11.30"]
[SourceQuality "1"]
[WhiteTeam "Pelaro Alingaas"]
[BlackTeam "Lunds"]
[WhiteTeamCountry "SWE"]
[BlackTeamCountry "SWE"]

1. e4 e5 2. Nf3 Nc6 3. Bb5 a6 4. Ba4 Nf6 5. 0-0 Bc5 6. Nxe5 Nxe5 7. d4 b5 8. Bb3 Bxd4 9. Qxd4 d6 10. f4 c5 11. Qd1 Ned7 12. c4 0-0 13. cxb5 axb5 14. Qxd6 Nxe4 15. Qd5 Ndf6 16. Qxd8 Rxd8 17. Bd1 b4 18. Bf3 Bg4 19. Bxg4 Nxg4 20. h3 Ngf6 21. Re1 h5 22. Be3 c4 23. Kh2 Rd3 24. a4 Nd5 25. Bc1 f5 26. a5 Ra6 27. Kg1 Kf7 28. Kh2 h4 29. Kg1 Kg6 30. Kh2 Kh5 31. Kg1 c3 32. bxc3 bxc3 33. Ra4 Rd1 34. Raxe4 c2 35. Nc3 0-1

[Event "SWE-chT 1920 Superettan"]
[Site "Sweden"]
[Date "2020.10.16"]
[Round "7"]
[White "Winsnes, Rikard"]
[Black "Wagner, Stephan"]
[Result "1/2-1/2"]
[WhiteElo "2375"]
[BlackElo "2185"]
[PlyCount "81"]
[EventDate "2019.10.18"]
[EventType "team-tourn"]
[EventRounds "9"]
[EventCountry "SWE"]
[SourceTitle "EXT 2023"]
[Source "ChessBase"]
[SourceDate "2022.10.05"]
[SourceVersion "1"]
[SourceVersionDate "2022.10.05"]
[SourceQuality "1"]
[WhiteTeam "Pelaro Alingsas"]
[BlackTeam "Upsala"]
[WhiteTeamCountry "SWE"]
[BlackTeamCountry "SWE"]

1. e4 d5 2. exd5 Qxd5 3. Nc3 Qd6 4. d4 Nf6 5. Nf3 c6 6. Ne5 Nbd7 7. Nc4 Qc7 8. Qf3 Nb6 9. Bf4 Qd8 10. Be5 Be6 11. Ne3 Qd7 12. h3 0-0-0 13. 0-0-0 Nfd5 14. Nexd5 Bxd5 15. Nxd5 Qxd5 16. Qa3 a5 17. Qb3 Qxb3 18. axb3 e6 19. c4 c5 20. Be2 f6 21. dxc5 Rxd1+ 22. Rxd1 fxe5 23. cxb6 Bc5 24. Bg4 Re8 25. f3 Bxb6 26. Rd6 Kc7 27. Rxe6 Rxe6 28. Bxe6 Bd4 29. Kc2 Kd6 30. Bg8 h6 31. b4 axb4 32. b3 b6 33. Kd3 Ke7 34. Ke4 Kf6 35. Bd5 Bf2 36. Bb7 h5 37. Bc8 h4 38. Bg4 Bc5 39. Kd5 Bf2 40. Bc8 Bc5 41. Ke4 1/2-1/2

[Event "SWE-chT 1920 Superettan"]
[Site "Sweden"]
[Date "2020.02.01"]
[Round "5"]
[White "Winsnes, Rikard"]
[Black "Ottenklev, Niclas"]
[Result "1-0"]
[WhiteElo "2375"]
[BlackElo "2193"]
[PlyCount "71"]
[EventDate "2019.10.18"]
[EventType "team-tourn"]
[EventRounds "9"]
[EventCountry "SWE"]
[SourceTitle "EXT 2023"]
[Source "ChessBase"]
[SourceDate "2022.10.05"]
[SourceVersion "1"]
[SourceVersionDate "2022.10.05"]
[SourceQuality "1"]
[WhiteTeam "Pelaro Alingsas"]
[BlackTeam "Norrkoping Schack 08"]
[WhiteTeamCountry "SWE"]
[BlackTeamCountry "SWE"]

1. e4 e6 2. d4 d5 3. Nd2 Nc6 4. Ngf3 Nf6 5. e5 Nd7 6. Bd3 f6 7. Ng5 Ndxe5 8. dxe5 fxg5 9. Qh5+ Kd7 10. Nf3 Be7 11. 0-0 Qe8 12. Qh3 h6 13. c4 Nb4 14. cxd5 Nxd3 15. dxe6+ Kd8 16. Qf5 Nxc1 17. Rd1+ Bd6 18. Raxc1 Qxe6 19. Qc2 Bd7 20. exd6 c6 21. Qc3 Qf6 22. Qa5+ b6 23. Qa6 Bc8 24. Qc4 Bd7 25. Nd4 c5 26. Qd5 Rc8 27. Qb7 Rf8 28. Qxa7 Qxd6 29. Nb5 Qc6 30. a4 Rf6 31. Rd2 Ke8 32. Rcd1 Rd8 33. h3 Ke7 34. f3 Qe6 35. Kh1 Rxf3 36. Rxd7+ 1-0

[Event "SWE-chT 1920 Superettan"]
[Site "Sweden"]
[Date "2019.10.18"]
[Round "1"]
[White "Winsnes, Rikard"]
[Black "Malmstig, Erik"]
[Result "1/2-1/2"]
[WhiteElo "2375"]
[BlackElo "2257"]
[PlyCount "52"]
[EventDate "2019.10.18"]
[EventType "team-tourn"]
[EventRounds "9"]
[EventCountry "SWE"]
[SourceTitle "EXT 2023"]
[Source "ChessBase"]
[SourceDate "2022.10.05"]
[SourceVersion "1"]
[SourceVersionDate "2022.10.05"]
[SourceQuality "1"]
[WhiteTeam "Pelaro Alingsas"]
[BlackTeam "Umea Rockaden"]
[WhiteTeamCountry "SWE"]
[BlackTeamCountry "SWE"]

1. e4 c5 2. Nf3 e6 3. d4 cxd4 4. Nxd4 Nf6 5. Nc3 d6 6. g4 h6 7. h4 Nc6 8. Rg1 Nd7 9. g5 Nxd4 10. Qxd4 Ne5 11. Be2 hxg5 12. hxg5 Bd7 13. Be3 Qa5 14. f4 Nc6 15. Qd2 0-0-0 16. g6 fxg6 17. 0-0-0 Rh2 18. Rg5 e5 19. Rxg6 Kb8 20. a3 Be8 21. Rg5 g6 22. Rgg1 Bg7 23. Nd5 Qa4 24. Nc3 Qa5 25. Nd5 Qa4 26. Nc3 Qa5 1/2-1/2

[Event "SWE-chT 1819 Superettan"]
[Site "Sweden"]
[Date "2019.03.31"]
[Round "9"]
[White "Winsnes, Rikard"]
[Black "Jonsson, Mikael"]
[Result "1-0"]
[WhiteElo "2378"]
[BlackElo "2251"]
[PlyCount "53"]
[EventDate "2018.11.09"]
[EventType "team-tourn"]
[EventRounds "9"]
[EventCountry "SWE"]
[SourceTitle "EXT 2020"]
[Source "ChessBase"]
[SourceDate "2019.10.17"]
[SourceVersion "1"]
[SourceVersionDate "2019.10.17"]
[SourceQuality "1"]
[WhiteTeam "Alingsas"]
[BlackTeam "Vasteras II"]
[WhiteTeamCountry "SWE"]
[BlackTeamCountry "SWE"]

1. e4 e5 2. Nf3 Nc6 3. Bb5 a6 4. Ba4 Nf6 5. 0-0 Be7 6. Re1 b5 7. Bb3 0-0 8. c3 d5 9. d4 exd4 10. e5 Ne4 11. cxd4 Bg4 12. Nc3 Nxc3 13. bxc3 Qd7 14. h3 Bh5 15. Qd3 Na5 16. e6 Qd6 17. exf7+ Bxf7 18. Ne5 Be6 19. Qg3 Nxb3 20. axb3 Qb6 21. Nd7 Bd6 22. Nxb6 Bxg3 23. fxg3 Rae8 24. Ba3 Rf5 25. g4 Rg5 26. Bc1 Rg6 27. Nxd5 1-0

[Event "SWE-chT 1819 Superettan"]
[Site "Sweden"]
[Date "2018.11.11"]
[Round "3"]
[White "Krupenski, Juri"]
[Black "Winsnes, Rikard"]
[Result "1-0"]
[WhiteElo "2418"]
[BlackElo "2378"]
[PlyCount "63"]
[EventDate "2018.11.09"]
[EventType "team-tourn"]
[EventRounds "9"]
[EventCountry "SWE"]
[SourceTitle "EXT 2020"]
[Source "ChessBase"]
[SourceDate "2019.10.17"]
[SourceVersion "1"]
[SourceVersionDate "2019.10.17"]
[SourceQuality "1"]
[WhiteTeam "Burgsvik Alva"]
[BlackTeam "Alingsas"]
[WhiteTeamCountry "SWE"]
[BlackTeamCountry "SWE"]

1. d4 Nf6 2. c4 g6 3. g3 Bg7 4. Bg2 0-0 5. Nc3 d6 6. Nf3 Nc6 7. 0-0 Bf5 8. b3 Ne4 9. Bb2 Nxc3 10. Bxc3 Be4 11. Qd2 d5 12. e3 e6 13. Rfd1 g5 14. cxd5 exd5 15. Ne5 Bxg2 16. Kxg2 Nxe5 17. dxe5 c6 18. e4 dxe4 19. Qe3 Qe7 20. Qxe4 Rfe8 21. f4 f6 22. Qc4+ Kh8 23. Re1 fxe5 24. Rxe5 Qd7 25. Rxg5 Re7 26. Re1 Rf7 27. Qxf7 Qxf7 28. Bxg7+ Qxg7 29. Rxg7 Kxg7 30. Re7+ Kg6 31. Rxb7 a5 32. Rb6 1-0

[Event "SWE-chT 1617"]
[Site "Sweden"]
[Date "2017.03.26"]
[Round "9.3"]
[White "Winsnes, Rikard"]
[Black "Lyrberg, Patrik"]
[Result "0-1"]
[WhiteElo "2395"]
[BlackElo "2460"]
[PlyCount "79"]
[EventDate "2016.10.14"]
[EventType "team-tourn"]
[EventRounds "9"]
[EventCountry "SWE"]
[SourceTitle "CBM 177 Extra"]
[Source "ChessBase"]
[SourceDate "2017.04.27"]
[SourceVersion "1"]
[SourceVersionDate "2017.04.27"]
[SourceQuality "1"]
[WhiteTeam "Manhem"]
[BlackTeam "Kungstornet"]
[WhiteTeamCountry "SWE"]
[BlackTeamCountry "SWE"]

1. e4 e5 2. Nf3 Nc6 3. Bb5 a6 4. Ba4 Nf6 5. 0-0 b5 6. Bb3 Be7 7. Re1 0-0 8. c3 d6 9. h3 Nb8 10. d4 Nbd7 11. Nbd2 Bb7 12. Bc2 Re8 13. Nf1 Bf8 14. Ng3 g6 15. a4 Rb8 16. Bg5 h6 17. Bd2 c5 18. d5 c4 19. Qc1 Kh7 20. Rf1 Nc5 21. axb5 axb5 22. Nh2 Bc8 23. Kh1 Rb7 24. f4 exf4 25. Rxf4 Kg8 26. Ra8 Bg7 27. Qf1 Qe7 28. h4 h5 29. Rf3 Bg4 30. Rxe8+ Nxe8 31. Rf4 Qxh4 32. Be1 Be5 33. Nf5 Qg5 34. Bd2 Bxf4 35. Bxf4 Qf6 36. Nh6+ Kf8 37. N6xg4 hxg4 38. Nxg4 Qh4+ 39. Nh2 Re7 40. g3 0-1

[Event "SWE-chT 1617"]
[Site "Sweden"]
[Date "2017.03.25"]
[Round "8.5"]
[White "Winsnes, Rikard"]
[Black "Degerman, Lars"]
[Result "1/2-1/2"]
[WhiteElo "2395"]
[BlackElo "2457"]
[PlyCount "41"]
[EventDate "2016.10.14"]
[EventType "team-tourn"]
[EventRounds "9"]
[EventCountry "SWE"]
[SourceTitle "CBM 177 Extra"]
[Source "ChessBase"]
[SourceDate "2017.04.27"]
[SourceVersion "1"]
[SourceVersionDate "2017.04.27"]
[SourceQuality "1"]
[WhiteTeam "Manhem"]
[BlackTeam "Farsta"]
[WhiteTeamCountry "SWE"]
[BlackTeamCountry "SWE"]

1. e4 c5 2. Nf3 d6 3. d4 cxd4 4. Nxd4 Nf6 5. Nc3 a6 6. Be3 e5 7. Nf3 Qc7 8. a4 h6 9. Be2 Be6 10. 0-0 Nbd7 11. a5 Be7 12. Nd5 Nxd5 13. exd5 Bf5 14. c4 0-0 15. b4 Bh7 16. Rc1 Rac8 17. Qb3 Kh8 18. Nd2 Qd8 19. Rfd1 Bg5 20. Bxg5 Qxg5 21. Qe3 1/2-1/2

[Event "Gothenburg op"]
[Site "Gothenburg"]
[Date "2016.08.19"]
[Round "2"]
[White "Petersson, Baldur Teodor"]
[Black "Winsnes, Rikard"]
[Result "1/2-1/2"]
[WhiteElo "2019"]
[BlackElo "2395"]
[PlyCount "99"]
[EventDate "2016.08.19"]
[EventType "swiss"]
[EventRounds "8"]
[EventCountry "SWE"]
[SourceTitle "CBM 174 Extra"]
[Source "ChessBase"]
[SourceDate "2016.10.10"]
[SourceVersion "1"]
[SourceVersionDate "2016.10.10"]
[SourceQuality "1"]

1. e4 c5 2. Nc3 Nc6 3. g3 g6 4. Bg2 Bg7 5. d3 d6 6. f4 e6 7. Nf3 Nge7 8. 0-0 0-0 9. Be3 Nd4 10. e5 Nef5 11. Bf2 Bd7 12. Ne4 Bc6 13. Nxd4 cxd4 14. g4 Ne3 15. Bxe3 dxe3 16. Nxd6 Qb6 17. Qe2 Qxb2 18. Nc4 Qc3 19. Rab1 Bxg2 20. Kxg2 g5 21. Rb3 Qd4 22. Qxe3 Qxe3 23. Nxe3 gxf4 24. Nc4 Rab8 25. a4 f6 26. Rxf4 fxe5 27. Rxf8+ Kxf8 28. Rb5 a6 29. Rb6 e4 30. Rxe6 exd3 31. cxd3 Rd8 32. Re3 b5 33. axb5 axb5 34. Na5 b4 35. Nc6 Rd6 36. Nxb4 Rd4 37. Re4 Rd6 38. Kf3 Bc3 39. Ke3 Rh6 40. Nd5 Rh3+ 41. Kf2 Rxd3 42. Nxc3 Rxc3 43. Rf4+ Kg7 44. Kg2 Kg6 45. h4 Ra3 46. Rb4 Kg7 47. Rb6 Ra4 48. Kg3 Ra3+ 49. Kf4 Ra4+ 50. Kf3 1/2-1/2

[Event "SWE-chT 1516"]
[Site "Sweden"]
[Date "2016.02.27"]
[Round "6.1"]
[White "Semcesen, Daniel"]
[Black "Winsnes, Rikard"]
[Result "1-0"]
[WhiteElo "2436"]
[BlackElo "2407"]
[PlyCount "69"]
[EventDate "2015.11.06"]
[EventType "team-tourn"]
[EventRounds "9"]
[EventCountry "SWE"]
[SourceTitle "EXT 2017"]
[Source "ChessBase"]
[SourceDate "2016.10.25"]
[SourceVersion "1"]
[SourceVersionDate "2016.10.25"]
[SourceQuality "1"]
[WhiteTeam "Lunds"]
[BlackTeam "Manhem"]
[WhiteTeamCountry "SWE"]
[BlackTeamCountry "SWE"]

1. d4 Nf6 2. c4 g6 3. Nc3 d5 4. Qb3 dxc4 5. Qxc4 Bg7 6. e4 0-0 7. Be2 a6 8. Bf4 b5 9. Qxc7 Qxd4 10. Rd1 Qb4 11. Rd2 Be6 12. a3 Qb3 13. Nf3 Nh5 14. Be5 Bh6 15. Rd1 Bc4 16. Qb7 f6 17. Bg3 Kh8 18. Bxc4 bxc4 19. Qxa8 Qxb2 20. 0-0 Qxc3 21. Bxb8 Nf4 22. Qb7 Ne2+ 23. Kh1 Qxa3 24. Rd7 Qb3 25. Rxe7 Qxb7 26. Rxb7 c3 27. Ne1 Rd8 28. Nc2 Rd2 29. e5 fxe5 30. Bxe5+ Kg8 31. Ne3 c2 32. Nxc2 Rxc2 33. g3 Rc8 34. f4 Nc1 35. Rd1 1-0

[Event "SWE-chT 1516"]
[Site "Sweden"]
[Date "2015.11.08"]
[Round "3.1"]
[White "Winsnes, Rikard"]
[Black "Agrest, Evgenij"]
[Result "0-1"]
[WhiteElo "2407"]
[BlackElo "2596"]
[PlyCount "67"]
[EventDate "2015.11.06"]
[EventType "team-tourn"]
[EventRounds "9"]
[EventCountry "SWE"]
[SourceTitle "CBM 169 Extra"]
[Source "ChessBase"]
[SourceDate "2015.12.18"]
[SourceVersion "1"]
[SourceVersionDate "2015.12.18"]
[SourceQuality "1"]
[WhiteTeam "Manhem"]
[BlackTeam "Stockholm Viking"]
[WhiteTeamCountry "SWE"]
[BlackTeamCountry "SWE"]

1. g3 d5 2. Nf3 g6 3. Bg2 Bg7 4. d4 Nf6 5. 0-0 0-0 6. c4 dxc4 7. Na3 c3 8. bxc3 c5 9. e3 Nc6 10. Qe2 Bg4 11. Qb5 Rb8 12. Qxc5 Ne4 13. Qc4 Rc8 14. Qd3 Nxc3 15. Nc4 b5 16. Qxc3 bxc4 17. Ba3 Re8 18. Rac1 e5 19. Nxe5 Nxe5 20. dxe5 Bxe5 21. Qb4 Be6 22. Rfd1 Qc7 23. Bd5 c3 24. Bxe6 Rxe6 25. Rd5 Rc6 26. Rc2 Bg7 27. Rb5 Rc4 28. Qb3 Qc6 29. Rb8 h5 30. Qb7 Rxb8 31. Qxb8+ Kh7 32. Qxa7 Qd5 33. Rc1 h4 34. Qe7 0-1

[Event "SWE-chT 1415 Superettan"]
[Site "Sweden"]
[Date "2014.11.23"]
[Round "3"]
[White "Winsnes, Rikard"]
[Black "Nygren, Kim"]
[Result "1-0"]
[WhiteElo "2401"]
[BlackElo "2225"]
[PlyCount "85"]
[EventDate "2014.11.21"]
[EventType "team-tourn"]
[EventRounds "9"]
[EventCountry "SWE"]
[SourceTitle "EXT 2018"]
[Source "ChessBase"]
[SourceDate "2017.10.13"]
[SourceVersion "1"]
[SourceVersionDate "2017.10.13"]
[SourceQuality "1"]
[WhiteTeam "Manhem"]
[BlackTeam "Orebro"]
[WhiteTeamCountry "SWE"]
[BlackTeamCountry "SWE"]

1. e4 e6 2. d4 d5 3. Nd2 Be7 4. Ngf3 Nf6 5. e5 Nfd7 6. Bd3 c5 7. c3 Nc6 8. 0-0 a6 9. Re1 b5 10. dxc5 Nxc5 11. Bc2 Bb7 12. Nb3 Qc7 13. Nbd4 Rc8 14. Nxc6 Bxc6 15. Nd4 Bd7 16. Qg4 g6 17. Bh6 Bf8 18. Qf4 Na4 19. Bxf8 Rxf8 20. Bxa4 bxa4 21. a3 f5 22. Qh6 Rf7 23. Rad1 Qb6 24. Rd2 Rc4 25. h4 Qd8 26. Re3 Qe7 27. Rg3 Kd8 28. h5 gxh5 29. Rg8+ Kc7 30. Qxh5 Rg7 31. Rxg7 Qxg7 32. Qh4 Qxe5 33. Rd1 Qg7 34. Qh2+ e5 35. Nc2 f4 36. Nb4 Bc6 37. Nxd5+ Kb7 38. Nb4 Be4 39. Qh3 Rc7 40. f3 Bc6 41. Qe6 Qg6 42. Nxc6 Rxc6 43. Qxe5 1-0

[Event "SWE-chT 1213"]
[Site "Sweden"]
[Date "2013.02.02"]
[Round "5"]
[White "Semcesen, Daniel"]
[Black "Winsnes, Rikard"]
[Result "1-0"]
[WhiteElo "2471"]
[BlackElo "2408"]
[PlyCount "55"]
[EventDate "2012.10.05"]
[EventType "team-tourn"]
[EventRounds "9"]
[EventCountry "SWE"]
[SourceTitle "EXT 2014"]
[Source "ChessBase"]
[SourceDate "2013.11.20"]
[SourceVersion "1"]
[SourceVersionDate "2013.11.20"]
[SourceQuality "1"]
[WhiteTeam "LASK"]
[BlackTeam "Manhem"]
[WhiteTeamCountry "SWE"]
[BlackTeamCountry "SWE"]

1. d4 Nf6 2. c4 g6 3. Nc3 d5 4. Nf3 Bg7 5. Qb3 dxc4 6. Qxc4 0-0 7. e4 a6 8. Qa4 Bg4 9. Be3 Nc6 10. d5 b5 11. Qc2 Bxf3 12. dxc6 Bg4 13. f3 Be6 14. a4 b4 15. Rd1 Qc8 16. Ne2 Ne8 17. Bc5 b3 18. Qc1 Nd6 19. Nd4 Kh8 20. Be2 f5 21. e5 Bxe5 22. Qe3 Nf7 23. Nxe6 Qxe6 24. f4 Qxc6 25. fxe5 f4 26. Bf3 Qe6 27. Qe2 c6 28. Bg4 1-0

[Event "SWE-chT 1213"]
[Site "Sweden"]
[Date "2013.02.01"]
[Round "6"]
[White "Winsnes, Rikard"]
[Black "Johansson, Linus"]
[Result "1/2-1/2"]
[WhiteElo "2408"]
[BlackElo "2287"]
[PlyCount "49"]
[EventDate "2012.10.05"]
[EventType "team-tourn"]
[EventRounds "9"]
[EventCountry "SWE"]
[SourceTitle "EXT 2014"]
[Source "ChessBase"]
[SourceDate "2013.11.20"]
[SourceVersion "1"]
[SourceVersionDate "2013.11.20"]
[SourceQuality "1"]
[WhiteTeam "Manhem"]
[BlackTeam "Limhamn"]
[WhiteTeamCountry "SWE"]
[BlackTeamCountry "SWE"]

1. e4 Nc6 2. Nf3 Nf6 3. e5 Ng4 4. d4 d6 5. h3 Nh6 6. exd6 Qxd6 7. d5 Ne5 8. Nc3 Bd7 9. Bf4 Nd3+ 10. Bxd3 Qxf4 11. 0-0 0-0-0 12. Re1 g5 13. Ne5 Bg7 14. Re4 Qf6 15. Nxd7 Rxd7 16. Qe2 a6 17. Re1 Nf5 18. Qh5 Nd4 19. R4e3 h6 20. Ne4 Qg6 21. Qd1 Qb6 22. c3 Nf5 23. Rf3 Rxd5 24. c4 Re5 25. Nxg5 1/2-1/2

[Event "SWE-chT 0708"]
[Site "Sweden"]
[Date "2008.01.12"]
[Round "6"]
[White "Svensson, Bengt"]
[Black "Winsnes, Rikard"]
[Result "1/2-1/2"]
[WhiteElo "2508"]
[BlackElo "2489"]
[PlyCount "40"]
[EventDate "2007.10.19"]
[EventType "team"]
[EventRounds "11"]
[EventCountry "SWE"]
[SourceTitle "EXT 2009"]
[Source "ChessBase"]
[SourceDate "2008.11.26"]
[SourceVersion "1"]
[SourceVersionDate "2008.11.26"]
[SourceQuality "1"]
[WhiteTeam "Kamraterna"]
[BlackTeam "Manhem"]
[WhiteTeamCountry "SWE"]
[BlackTeamCountry "SWE"]

1. e4 c5 2. Nf3 Nc6 3. d4 cxd4 4. Nxd4 g6 5. c4 Nf6 6. Nc3 d6 7. Nc2 Bg7 8. Be2 0-0 9. 0-0 Nd7 10. Bd2 a5 11. Na3 Nc5 12. Nab5 f5 13. exf5 gxf5 14. Qc1 Ne5 15. f4 Ng4 16. h3 Nf6 17. Bf3 Be6 18. b3 Nfe4 19. Bxe4 fxe4 20. Be3 a4 1/2-1/2

[Event "SWE-chT 0708"]
[Site "Sweden"]
[Date "2007.10.21"]
[Round "3"]
[White "Norberg, Johan"]
[Black "Winsnes, Rikard"]
[Result "1/2-1/2"]
[WhiteElo "2392"]
[BlackElo "2489"]
[PlyCount "46"]
[EventDate "2007.10.19"]
[EventType "team"]
[EventRounds "11"]
[EventCountry "SWE"]
[SourceTitle "EXT 2009"]
[Source "ChessBase"]
[SourceDate "2008.11.26"]
[SourceVersion "1"]
[SourceVersionDate "2008.11.26"]
[SourceQuality "1"]
[WhiteTeam "Vasteras"]
[BlackTeam "Manhem"]
[WhiteTeamCountry "SWE"]
[BlackTeamCountry "SWE"]

1. e4 c5 2. Nc3 Nc6 3. g3 g6 4. Bg2 Bg7 5. d3 e6 6. f4 Nge7 7. Nf3 d6 8. 0-0 0-0 9. Kh1 Rb8 10. a4 a6 11. Be3 Nd4 12. Qd2 b5 13. axb5 axb5 14. Ne1 b4 15. Nd1 Bd7 16. Qf2 Bc6 17. c3 Nb3 18. Ra2 Qc7 19. Qc2 Nd4 20. Qd2 Nb3 21. Qc2 Nd4 22. Qd2 Nb3 23. Qc2 Nd4 1/2-1/2

[Event "SWE-chT 0607"]
[Site "Sweden"]
[Date "2007.02.10"]
[Round "7"]
[White "Ivarsson, Stefan"]
[Black "Winsnes, Rikard"]
[Result "0-1"]
[WhiteElo "2303"]
[BlackElo "2484"]
[PlyCount "94"]
[EventDate "2006.10.20"]
[EventType "team"]
[EventRounds "11"]
[EventCountry "SWE"]
[SourceTitle "EXT 2009"]
[Source "ChessBase"]
[SourceDate "2008.11.26"]
[SourceVersion "1"]
[SourceVersionDate "2008.11.26"]
[SourceQuality "1"]
[WhiteTeam "Astorp"]
[BlackTeam "Manhem"]
[WhiteTeamCountry "SWE"]
[BlackTeamCountry "SWE"]

1. g3 g6 2. Bg2 Bg7 3. c4 Nf6 4. Nc3 0-0 5. e4 c5 6. Nge2 Nc6 7. d3 Ne8 8. Be3 Nd4 9. 0-0 d6 10. Rb1 Rb8 11. b4 Bg4 12. f3 Bd7 13. Qd2 Nc7 14. Bh6 e5 15. Be3 h5 16. f4 h4 17. bxc5 h3 18. Bh1 dxc5 19. Nd5 Nxd5 20. cxd5 Bg4 21. Bxd4 cxd4 22. Bf3 Bd7 23. fxe5 Bxe5 24. Rfc1 Qe7 25. Rb4 b5 26. Rb2 Rfc8 27. Rbc2 Rxc2 28. Rxc2 Kg7 29. Nc1 Bf6 30. Ne2 Qd6 31. Nf4 b4 32. Be2 a5 33. Bf1 Rh8 34. Qc1 a4 35. Rc7 g5 36. Ne2 Rb8 37. Ra7 b3 38. axb3 axb3 39. Qb2 Bg4 40. Nc1 Qb4 41. Ra1 Bd1 42. Nxb3 Bxb3 43. Bxh3 Qc3 44. Qb1 Bc2 45. Qxb8 Qxa1+ 46. Kf2 Bxd3 47. e5 Bd8 0-1

[Event "SWE-chT 0506"]
[Site "Sweden"]
[Date "2006.??.??"]
[Round "7"]
[White "Winsnes, Rikard"]
[Black "Hector, Jonny"]
[Result "0-1"]
[WhiteElo "2510"]
[BlackElo "2609"]
[PlyCount "68"]
[EventDate "2005.10.??"]
[EventType "team"]
[EventRounds "11"]
[EventCountry "SWE"]
[SourceTitle "EXT 2008"]
[Source "ChessBase"]
[SourceDate "2007.11.25"]
[SourceVersion "1"]
[SourceVersionDate "2007.11.25"]
[SourceQuality "1"]
[WhiteTeam "Skara"]
[BlackTeam "Limhamn"]
[WhiteTeamCountry "SWE"]
[BlackTeamCountry "SWE"]

1. e4 e5 2. Nf3 Nc6 3. Bb5 a6 4. Ba4 Nf6 5. 0-0 b5 6. Bb3 Bb7 7. d3 Bc5 8. a4 0-0 9. Nc3 Na5 10. axb5 Nxb3 11. cxb3 axb5 12. Rxa8 Bxa8 13. Nxe5 d5 14. Bg5 dxe4 15. dxe4 Qxd1 16. Rxd1 b4 17. Bxf6 bxc3 18. bxc3 gxf6 19. Nd7 Bd6 20. Nxf8 Kxf8 21. f3 h5 22. Kf2 h4 23. Ke3 Ke7 24. h3 Bb7 25. Ra1 f5 26. exf5 Kf6 27. Ra4 Bg3 28. Ra5 Bc8 29. Ke4 Kg5 30. f4+ Kf6 31. Ra7 Bxf5+ 32. Kf3 Bc2 33. b4 Kf5 34. Rxc7 Bd1+ 0-1

[Event "SWE-chT 0304"]
[Site "Sweden"]
[Date "2004.??.??"]
[Round "6"]
[White "Winsnes, Rikard"]
[Black "Moberg, Karl Johan"]
[Result "1/2-1/2"]
[WhiteElo "2489"]
[BlackElo "2338"]
[PlyCount "94"]
[EventDate "2003.10.??"]
[EventType "team"]
[EventRounds "11"]
[EventCountry "SWE"]
[SourceTitle "EXT 2005"]
[Source "ChessBase"]
[SourceDate "2004.11.15"]
[SourceVersion "1"]
[SourceVersionDate "2004.11.15"]
[SourceQuality "1"]
[WhiteTeam "Skara"]
[BlackTeam "Manhem"]
[WhiteTeamCountry "SWE"]
[BlackTeamCountry "SWE"]

1. e4 e5 2. Nf3 Nc6 3. Bb5 a6 4. Ba4 Nf6 5. 0-0 b5 6. Bb3 Bc5 7. Nxe5 Nxe5 8. d4 Bxd4 9. Qxd4 d6 10. f4 Nc6 11. Qc3 Bb7 12. e5 Ne4 13. Qe3 Na5 14. exd6 0-0 15. Nc3 Nxb3 16. axb3 Re8 17. Nxe4 Rxe4 18. Qd3 cxd6 19. Be3 Qe8 20. Rf3 Qc6 21. Rg3 f6 22. Rd1 Rae8 23. Rd2 Qd7 24. h3 Qe6 25. Bf2 Rxf4 26. Rxg7+ Kxg7 27. Qg3+ Kf7 28. Qxf4 Qe4 29. Bg3 Qxf4 30. Bxf4 d5 31. Kf2 Re4 32. g3 Re8 33. b4 Re4 34. c3 d4 35. cxd4 Bd5 36. Be3 Re6 37. Rc2 Rc6 38. Rc5 Rxc5 39. bxc5 a5 40. g4 Ke6 41. Kg3 b4 42. Kf2 Bc6 43. Ke2 Kd5 44. Kd3 Bb5+ 45. Kc2 Ba4+ 46. Kd3 Bb5+ 47. Kc2 Ba4+ 1/2-1/2

[Event "SWE-chT 0203"]
[Site "Sweden"]
[Date "2003.02.08"]
[Round "7"]
[White "Hall, Jesper"]
[Black "Winsnes, Rikard"]
[Result "1-0"]
[WhiteElo "2489"]
[BlackElo "2526"]
[PlyCount "55"]
[EventDate "2002.10.11"]
[EventType "team"]
[EventRounds "11"]
[EventCountry "SWE"]
[SourceTitle "EXT 2004"]
[Source "ChessBase"]
[SourceDate "2003.11.25"]
[SourceVersion "1"]
[SourceVersionDate "2003.11.25"]
[SourceQuality "1"]
[WhiteTeam "Lund"]
[BlackTeam "Manhem"]
[WhiteTeamCountry "SWE"]
[BlackTeamCountry "SWE"]

1. d4 d5 2. c4 c6 3. Nf3 Nf6 4. e3 Bf5 5. Nc3 e6 6. Nh4 Be4 7. f3 Bg6 8. cxd5 exd5 9. Bd2 Bd6 10. Qb3 Qb6 11. Qxb6 axb6 12. Nxg6 hxg6 13. Bd3 Nbd7 14. e4 dxe4 15. fxe4 Rxh2 16. Rxh2 Bxh2 17. e5 Nh5 18. Ne4 Ke7 19. Bb4+ c5 20. dxc5 Nxe5 21. cxb6+ Ke6 22. Nc5+ Kf6 23. 0-0-0 Nxd3+ 24. Rxd3 Rc8 25. Kb1 Bg1 26. Nxb7 Rc6 27. Nc5 Bxc5 28. Bxc5 1-0